Elementos con nombres de países - Estadísticas

Estadísticas generales
  • Esta prueba ha sido intentada 69 veces
  • La puntuación promedio es 6 de 15
Estadísticas de respuestas
Respuesta % Correcto
Francio
80%
Francia
77%
Alemania
61%
Germanio
59%
Polonia
57%
Polonio
57%
Rusia
48%
Indio
38%
Galio
36%
India
36%
Japón
28%
Nihonio
10%
Rutenio
8%
Cobre
5%
Chipre
3%
No se encontraron pruebas coincidentes
Distribución de puntuación
Porcentaje de gente con cada puntuación
Porcentaje por número respondido
Historial de tus puntuaciones
No has intentado esta prueba.